Statistics for Türkçede C ile Başlayan Erkek İsimleri

Click here to take the quiz!

General Stats

  • This quiz has been taken 739 times
  • The average score is 11 of 62

Answer Stats

Answer% Correct
Can
92%
Cem
87%
Cemal
59%
Cemil
55%
Cenk
50%
Caner
44%
Celal
41%
Cengiz
40%
Cihan
38%
Cuma
36%
Ceyhun
34%
Cafer
33%
Celil
30%
Cumali
30%
Cüneyt
29%
Cahit
28%
Cabbar
25%
Cihat
21%
Cavit
18%
Cevdet
18%
Canber
17%
Canberk
15%
Cemalettin
14%
Cezmi
14%
Cevat
13%
Coşkun
13%
Cihangir
12%
Celalettin
11%
Cengizhan
11%
Civan
11%
Cumhur
11%
Cenan
10%
Cesur
10%
Cebrail
8%
Cevahir
8%
Cenker
7%
Cevher
7%
Canalp
6%
Cömert
6%
Cabir
5%
Candaş
5%
Celasun
4%
Cenap
4%
Canbey
3%
Candemir
3%
Canpolat
3%
Cantekin
3%
Cesim
3%
Coşar
3%
Candoğan
2%
Cangür
2%
Cantürk
2%
Celayir
2%
Canfer
1%
Cansoy
1%
Cansunay
1%
Cihaner
1%
Coşkuner
1%
Cudi
1%
Canbek
0%
Canser
0%
Cevan
0%

Score Distribution

Percentile by Number Answered

Percent of People with Each Score

Your Score History

You have not taken this quiz